| 000 | 00602cam a22001937a 4500 | ||
|---|---|---|---|
| 001 | 000609 | ||
| 003 | armpunfd | ||
| 005 | 20140612090615.0 | ||
| 008 | 011019e1993####xx#a##########000#0#und#d | ||
| 040 |
_aarmpunfd _carmpunfd |
||
| 080 | _a347.74(03) B 859 | ||
| 100 | 1 | 0 | _a Budic, Domingo Valentin |
| 245 | 1 | 0 | _aContratos comerciales internacionales : diccionario comentado |
| 260 |
_a Buenos Aires _b Guia Practica Del Exportador E Importador _c1993 |
||
| 300 | _a259 p. | ||
| 650 | 7 |
_a Derecho Comercial _x Contratos _x Diccionarios _2LEMB |
|
| 942 |
_cLB _2cdu |
||
| 945 |
_aCatalis _d2010-08-19 |
||
| 999 |
_c603 _d231107 |
||